|
|
|
|
| LEADER |
00000nam0a2200000 4500 |
| 001 |
288269 |
| 005 |
20231102000054.0 |
| 020 |
|
|
|a RU
|b 85-88652
|
| 035 |
|
|
|a (RuTPU)RU\TPU\book\312726
|
| 090 |
|
|
|a 288269
|
| 100 |
|
|
|a 20150324d1985 k y0rusy5003 ca
|
| 101 |
0 |
|
|a rus
|
| 102 |
|
|
|a UA
|
| 105 |
|
|
|a a z 001zy
|
| 200 |
1 |
|
|a Охрана подземных вод в условиях техногенеза
|f Н. С. Огняник [и др.]
|
| 210 |
|
|
|a Киев
|c Вища школа
|d 1985
|
| 215 |
|
|
|a 221 с.
|c ил.
|
| 320 |
|
|
|a Библиогр.: с. 206-218
|
| 606 |
1 |
|
|a Воды подземные
|x Охрана
|2 stltpush
|3 (RuTPU)RU\TPU\subj\3172
|9 31626
|
| 610 |
1 |
|
|a гидрогеология
|
| 610 |
1 |
|
|a подземные воды
|
| 610 |
1 |
|
|a техногенез
|
| 610 |
1 |
|
|a природная среда
|
| 610 |
1 |
|
|a горные породы
|
| 610 |
1 |
|
|a математические методы
|
| 610 |
1 |
|
|a гидрогеологические процессы
|
| 610 |
1 |
|
|a массоперенос
|
| 610 |
1 |
|
|a контроль
|
| 610 |
1 |
|
|a управление
|
| 610 |
1 |
|
|a природоохранные мероприятия
|
| 675 |
|
|
|a 556.388
|v 3
|
| 701 |
|
1 |
|a Огняник
|b Н. С.
|g Николай Степанович
|
| 701 |
|
1 |
|a Рудаков
|b В. К.
|g Виктор Константинович
|
| 701 |
|
1 |
|a Рыбин
|b В. Ф.
|g Вадим Федорович
|
| 701 |
|
1 |
|a Ситников
|b А. Б.
|g Анатолий Борисович
|
| 801 |
|
0 |
|a RU
|b RuMRKP
|c 19950704
|g psbo
|
| 801 |
|
1 |
|a RU
|b 63413507
|c 20150324
|
| 801 |
|
2 |
|a RU
|b 63413507
|c 20180131
|g RCR
|
| 942 |
|
|
|c BK
|